00356nam a2200145Ia 4500008004100000020001500041041000800056082001700064100002700081245002400108250000600132260003800138300001600176650001800192210716s1997 xx 000 0 und d a8170298016 aeng a005.133 KANY aKanetkar, Yashavant P. aTest your C skills. a1 aNew DelhibBPB Publicationsc1997 aviii,255,20 aC Programming